Reading Lolita in Tehran : a memoir in books /

Bibliographic Details
Main Author: Nafisi, Azar (Author)
Format: Book
Language:English
Published: New York : Random House Trade Paperbacks, 2004.
Edition:Random House Trade Paperback edition.
Series:Reader's circle (Random House (Firm)).
Subjects:
Classic Catalogue: View this record in Classic Catalogue
LEADER 01618nam a22003497a 4500
001 44633
003 BD-DhAAL
005 20250825152721.0
008 250825t2004 nyu 000 0aeng d
020 |a 9780812971064 
040 |a BD-DhAAL  |c BD-DhAAL 
082 0 0 |a 820.9  |2 23 
100 1 |a Nafisi, Azar,  |e author.  |9 59148 
245 1 0 |a Reading Lolita in Tehran :  |b a memoir in books /  |c Azar Nafisi. 
250 |a Random House Trade Paperback edition. 
260 |a New York :  |b Random House Trade Paperbacks,  |c 2004. 
300 |a 356 pages ;  |c 21 cm 
490 |a Reader's circle (Random House (Firm)) 
541 |a Donated by Farhana Zahir, Assistant Professor, BRAC Business School, BRAC University  |e 44633 
600 1 0 |a Nafisi, Azar.  |9 59148 
650 0 |a English teachers  |z Iran  |v Biography.  |9 59149 
650 0 |a English literature  |x Study and teaching  |z Iran.  |9 59150 
650 0 |a American literature  |x Study and teaching  |z Iran.  |9 59151 
650 0 |a Women  |x Books and reading  |z Iran.  |9 59152 
650 0 |a Books and reading  |z Iran.  |9 59153 
650 0 |a Group reading  |z Iran.  |9 59154 
655 7 |a Biographies.  |2 lcgft 
830 |a Reader's circle (Random House (Firm)).  |9 59155 
852 |a Ayesha Abed Library  |c General Stacks 
942 |2 ddc  |c BK 
999 |c 47406  |d 47406 
952 |0 0  |1 0  |2 ddc  |4 0  |6 820_900000000000000_NAF  |7 0  |9 78037  |a BRACUL  |b BRACUL  |c GEN  |d 2025-08-25  |e Donated by Farhana Zahir, Assistant Professor, BRAC Business School, BRAC University  |l 5  |m 14  |o 820.9 NAF  |p 3010044633  |r 2026-05-19  |s 2026-03-01  |t 1  |w 2025-08-25  |y BK  |x Donated by Farhana Zahir, Assistant Professor, BRAC Business School, BRAC University ; USD $15.00